| 000 | 00564 a2200169 4500 | ||
|---|---|---|---|
| 999 |
_c6961 _d6961 |
||
| 020 | _a0631217576 | ||
| 050 | 0 | 0 | _aHD 2326 MAR 2002 |
| 100 | 1 |
_aMartin, Stephen _eauthor |
|
| 245 | 1 | 0 |
_aAdvanced industrial economics / _cStephen Martin |
| 250 | _a2nd ed. | ||
| 264 |
_aU.S.A. : _bBlackwell Publishers, _c2001 |
||
| 300 |
_a533 p. : _bill. |
||
| 500 | _aIncludes bibliographical references and indexes | ||
| 504 | _aIncludes bibliographical references and indexes | ||
| 650 | 0 | _aIndustrial organization (Economic theory) | |
| 942 |
_2lcc _cBK _e2nd ed. _h2326 _iMAR _kHD |
||